000 00515nam a2200181 i 4500
001 54882
003 ES-MaACL
005 20230906163036.0
007 t|
008 040126q1925 sp |||| | spa d
100 1 _aGamisans, Juan.
_953797
245 1 0 _aHimno de la raza /
_cmúsica del maestro Gamisans ; letra de Julio Noguera.
260 _aMadrid :
_b[J. Gamisans,
_cca. 1925]
300 _a[2] h. ;
_c28 cm.
650 4 _aHimnos.
_9143234
700 1 _aNoguera, Julio.
_985869
852 _aES-MaACL
_j1682-F-8
999 _c54882
_d54882